| 000 | 00794cam a2200265Ii 4500 | ||
|---|---|---|---|
| 008 | |||
| 020 | _a97801281585937 (paperback) | ||
| 040 |
_aNUST _cNUST |
||
| 049 | _aMAIN | ||
| 090 | 1 | 0 |
_aHB139 _bPAN |
| 245 | 1 | 0 |
_aPanel data econometrics : _bempirical applications / _cedited by Mike Tsionas |
| 264 | 1 |
_aLondon : _bJElsevier, _c2019 |
|
| 300 |
_axxiii, 405-988 pages : _billustrations ; _c25 cm |
||
| 336 |
_atext _btxt _2rdacontent |
||
| 337 |
_aunmediatedr _bc _2rdamedia |
||
| 338 |
_avolumee _bcr _2rdacarrier |
||
| 500 | _aIncludes index | ||
| 650 | 0 | _aEconometrics. | |
| 650 | 0 | _aPanel analysis. | |
| 700 | 1 | _aTsionas, Mike | |
| 907 |
_a.b10405252 _b16-06-21 _c16-06-21 |
||
| 003 | |||
| 005 | 20230123141204.0 | ||
| 942 |
_cBOOKS _kHB139 _mPAN |
||
| 999 |
_c169206 _d169206 |
||